| 000 | 00871cam a22002651 4500 | ||
|---|---|---|---|
| 001 | l 63000218 | ||
| 003 | DLC | ||
| 005 | 20260227111547.0 | ||
| 008 | 790608s1960 sz a 000 0 eng | ||
| 010 | _al 63000218 | ||
| 040 |
_aDLC _cDLC _dDLC |
||
| 043 | _af-nr--- | ||
| 050 | 0 | 0 |
_aHD7256.N53 _bI57 1960 |
| 082 | 0 | 0 | _a362.8/5 |
| 110 | 2 | _aInternational Labour Office. | |
| 245 | 0 | 0 | _aReport to the Government of the Federation of Nigeria on the vocational rehabilitation and employment of the disabled. |
| 260 |
_aGeneva, _c1960. |
||
| 300 |
_aii, 59 p. _btables. _c30 cm. |
||
| 500 | _a"ILO/OTA/Nigeria/R.1." | ||
| 500 | _aAt head of title: Regular programme of technical assistance. | ||
| 500 | _aErrata sheet inserted. | ||
| 650 | 0 |
_aPeople with disabilities _xEmployment _zNigeria. |
|
| 650 | 0 |
_aVocational rehabilitation _zNigeria. |
|
| 710 | 1 | _aNigeria. | |
| 999 |
_c37125 _d37125 |
||